[Event "CAN-Tch University"]
[Site "Montreal"]
[Date "2013.01.13"]
[Round "4"]
[White "Ah-Lan, Kenny"]
[Black "Palmer, Jordan"]
[Result "1-0"]
[WhiteElo "2015"]
[BlackElo "1976"]
[PlyCount "60"]
[EventDate "2013.01.12"]
[EventRounds "5"]
[EventCountry "CAN"]
[SourceDate "2005.09.12"]

1. d4 Nf6 2. c4 e5 3. dxe5 Ng4 4. Bf4 Nc6 5. Nf3 Bb4+ 6. Nc3 Qe7 7. Qd5 Bxc3+
8. bxc3 f6 9. exf6 Nxf6 10. Qd3 d6 11. g3 O-O 12. Bg2 Ne4 13. O-O Nc5 14. Qe3
Ne6 15. Nd4 Bd7 16. Bd5 Rae8 17. Bg5 Qf7 18. Qd2 Kh8 19. Be3 Qf6 20. Rab1 Nc5
21. Nb5 Bh3 22. Rfe1 Ne5 23. Nxc7 Re7 24. Nb5 Ng4 25. Bd4 Qg6 26. Bf3 Ne4 27.
Bxe4 Qxe4 28. f3 Qc6 29. Nxa7 Qxc4 30. fxg4 Qd5 1-0

[Event "CAN-Tch University"]
[Site "Montreal"]
[Date "2013.01.13"]
[Round "5"]
[White "Kleinman, Michael"]
[Black "Cormier, Adam"]
[Result "1/2-1/2"]
[WhiteElo "2393"]
[BlackElo "2222"]
[PlyCount "35"]
[EventDate "2013.01.12"]
[EventRounds "5"]
[EventCountry "CAN"]
[SourceDate "2005.09.12"]

1. e4 c5 2. Nf3 d6 3. d4 cxd4 4. Qxd4 Nc6 5. Bb5 Bd7 6. Qd3 Rc8 7. c4 g6 8. O-O
Bg7 9. h3 Nf6 10. Nc3 O-O 11. Be3 a6 12. Bxc6 Bxc6 13. Rac1 Nd7 14. Qd2 Nc5 15.
Bh6 Bxe4 16. Bxg7 Kxg7 17. Nxe4 Nxe4 18. Qd5 1/2-1/2

[Event "CAN-Tch University"]
[Site "Montreal"]
[Date "2013.01.13"]
[Round "5"]
[White "MacKinnon, Keith"]
[Black "Coren, Daniel"]
[Result "1-0"]
[WhiteElo "2320"]
[BlackElo "1808"]
[PlyCount "51"]
[EventDate "2013.01.12"]
[EventRounds "5"]
[EventCountry "CAN"]
[SourceDate "2005.09.12"]

1. e4 e6 2. d4 d5 3. Nd2 c5 4. exd5 exd5 5. dxc5 Bxc5 6. Nb3 Bb6 7. Nf3 Nc6 8.
Be2 Nge7 9. O-O O-O 10. c3 Be6 11. Nbd4 Nxd4 12. Nxd4 Nc6 13. Be3 Bc7 14. f4
Nxd4 15. Bxd4 f5 16. Qb3 Qb8 17. g3 g5 18. Bf3 gxf4 19. Bxd5 Bf7 20. gxf4 Bxf4
21. Rf2 Qd8 22. Rg2+ Bg5 23. Bxf7+ Rxf7 24. h4 h6 25. Qe6 Kf8 26. hxg5 1-0

[Event "CAN-Tch University"]
[Site "Montreal"]
[Date "2013.01.13"]
[Round "5"]
[White "Gonsalves, Ryan"]
[Black "Ah-Lan, Kenny"]
[Result "0-1"]
[WhiteElo "1667"]
[BlackElo "2015"]
[PlyCount "60"]
[EventDate "2013.01.12"]
[EventRounds "5"]
[EventCountry "CAN"]
[SourceDate "2005.09.12"]

1. c3 d5 2. d3 Nf6 3. g3 e5 4. Bg2 Nc6 5. Nd2 Be6 6. Qc2 Qd7 7. e4 Rd8 8. Ngf3
Be7 9. Ng5 Bg4 10. h3 Bh5 11. Ngf3 O-O 12. O-O a5 13. exd5 Nxd5 14. Re1 f6 15.
Nc4 Bc5 16. Ne3 Nb6 17. g4 Bg6 18. Rd1 Bxd3 19. Qb3+ Qf7 20. Nf1 Bc4 21. Qc2
Rxd1 22. Qxd1 Rd8 23. Qc2 Bxa2 24. g5 Bb3 25. Qe4 f5 26. Qh4 g6 27. Ne3 e4 28.
Nd2 Bxe3 29. Nxe4 Rd1+ 30. Kh2 fxe4 0-1

[Event "CAN-Tch University"]
[Site "Montreal"]
[Date "2013.01.13"]
[Round "5"]
[White "Khayutin, Constantine"]
[Black "Sturt, Raven"]
[Result "0-1"]
[WhiteElo "1956"]
[BlackElo "2294"]
[PlyCount "56"]
[EventDate "2013.01.12"]
[EventRounds "5"]
[EventCountry "CAN"]
[SourceDate "2005.09.12"]

1. d4 Nf6 2. g3 d5 3. c4 c6 4. Nf3 dxc4 5. Ne5 Nbd7 6. Nxc4 b5 7. Ne3 e6 8. Bg2
Bb7 9. O-O Nb6 10. Nc3 Qd7 11. Qd3 Be7 12. a4 a6 13. a5 Nbd5 14. Nexd5 cxd5 15.
Bf4 O-O 16. Rfc1 Rac8 17. Rc2 Bb4 18. Bg5 Ne8 19. Na2 Rxc2 20. Qxc2 Bxa5 21. b4
Bb6 22. Qd1 Nd6 23. Nc1 f6 24. Bf4 e5 25. dxe5 fxe5 26. Bxd5+ Nf7 27. Bxf7+
Qxf7 28. Nd3 Qd5 0-1

[Event "CAN-Tch University"]
[Site "Montreal"]
[Date "2013.01.12"]
[Round "1"]
[White "MacDonald, Ryan"]
[Black "Todd, Adie"]
[Result "0-1"]
[WhiteElo "1564"]
[BlackElo "1723"]
[PlyCount "74"]
[EventDate "2013.01.12"]
[EventRounds "5"]
[EventCountry "CAN"]
[SourceDate "2005.09.12"]

1. d4 d5 2. c4 e6 3. Nc3 Nf6 4. Bg5 c6 5. e3 Nbd7 6. Nf3 Be7 7. c5 O-O 8. Bd3
Re8 9. O-O h6 10. Bf4 Nh5 11. Bg3 Nxg3 12. hxg3 Bf6 13. Nd2 e5 14. Nb3 Nf8 15.
f3 exd4 16. exd4 Ne6 17. Ne2 Bd7 18. Qc2 Qc7 19. Rad1 Rac8 20. Nbc1 b6 21. b4
bxc5 22. bxc5 Rb8 23. Rfe1 Qb7 24. Nb3 Qc7 25. Rb1 Nf8 26. Qd2 Bg5 27. f4 Bf6
28. Bc2 Ne6 29. Qd3 Nf8 30. a4 Re7 31. Kf2 Rbe8 32. f5 Nh7 33. Nd2 Ng5 34. Qc3
Ne4+ 35. Nxe4 dxe4 36. g4 e3+ 37. Qxe3 Rxe3 0-1

[Event "CAN-Tch University"]
[Site "Montreal"]
[Date "2013.01.12"]
[Round "1"]
[White "Barber, Glen"]
[Black "Cousin, Emmanuel"]
[Result "0-1"]
[WhiteElo "2180"]
[BlackElo "1818"]
[PlyCount "97"]
[EventDate "2013.01.12"]
[EventRounds "5"]
[EventCountry "CAN"]
[SourceDate "2005.09.12"]

1. e4 Nf6 2. e5 Nd5 3. c4 Nb6 4. d4 d6 5. exd6 exd6 6. Nf3 Bg4 7. b3 Be7 8. Be2
O-O 9. O-O Re8 10. Bb2 Bf6 11. Nbd2 Nc6 12. Re1 Qd7 13. h3 Bh5 14. a3 a5 15.
Qc2 Bg6 16. Bd3 Rxe1+ 17. Rxe1 Bxd3 18. Qxd3 d5 19. c5 Nc8 20. Ne5 Nxe5 21.
dxe5 Be7 22. Nf3 h6 23. e6 fxe6 24. Qg6 Bxc5 25. Rxe6 Qf7 26. Re8+ Bf8 27. Ne5
Qxg6 28. Nxg6 Nb6 29. Rxf8+ Rxf8 30. Nxf8 Kxf8 31. Be5 Na8 32. Kf1 g6 33. Ke2
Ke7 34. Kd3 Ke6 35. Bf4 h5 36. Kd4 c6 37. Kc5 Kd7 38. b4 axb4 39. axb4 b6+ 40.
Kd4 Nc7 41. Ke5 Ne6 42. Be3 d4 43. Bxd4 Nxd4 44. Kxd4 Kd6 45. f4 c5+ 46. bxc5+
bxc5+ 47. Kc4 h4 48. Kd3 Kd5 49. Kc3 0-1

[Event "CAN-Tch University"]
[Site "Montreal"]
[Date "2013.01.12"]
[Round "2"]
[White "Lanceman, Stefan"]
[Black "Xiong, Jerry"]
[Result "0-1"]
[WhiteElo "1830"]
[BlackElo "2291"]
[PlyCount "46"]
[EventDate "2013.01.12"]
[EventRounds "5"]
[EventCountry "CAN"]
[SourceDate "2005.09.12"]

1. e4 c5 2. Nf3 d6 3. d4 cxd4 4. Nxd4 Nf6 5. Nc3 g6 6. Be3 Bg7 7. Qd2 Ng4 8. f3
Nxe3 9. Qxe3 O-O 10. Bc4 Bd7 11. O-O-O Nc6 12. Nxc6 bxc6 13. Kb1 Qa5 14. Ne2
Rab8 15. Bb3 c5 16. c3 Rb6 17. Rd2 Rfb8 18. Rhd1 Ra6 19. Bc4 Be6 20. Bxe6 fxe6
21. a3 Qxa3 22. Rc1 Qa2+ 23. Kc2 Qb3+ 0-1

[Event "CAN-Tch University"]
[Site "Montreal"]
[Date "2013.01.12"]
[Round "2"]
[White "Szalay, Karoly"]
[Black "Barber, Glen"]
[Result "1-0"]
[WhiteElo "2371"]
[BlackElo "2180"]
[PlyCount "47"]
[EventDate "2013.01.12"]
[EventRounds "5"]
[EventCountry "CAN"]
[SourceDate "2005.09.12"]

1. e4 c5 2. Nf3 d6 3. d4 cxd4 4. Nxd4 Nf6 5. Nc3 Nc6 6. Bg5 e6 7. f3 Be7 8. Qd2
O-O 9. O-O-O Nxd4 10. Qxd4 Qa5 11. h4 a6 12. Bd3 b5 13. e5 dxe5 14. Qxe5 Bb7
15. Kb1 Rfe8 16. Be4 Qb6 17. Be3 Qxe3 18. Bxh7+ Kxh7 19. Qxe3 Rac8 20. g4 Bc5
21. Qf4 Re7 22. h5 Nd5 23. Nxd5 Bxd5 24. Rxd5 1-0

[Event "CAN-Tch University"]
[Site "Montreal"]
[Date "2013.01.12"]
[Round "1"]
[White "MacKinnon, Keith"]
[Black "Olden-Cooligan, Ben"]
[Result "1-0"]
[WhiteElo "2320"]
[BlackElo "1969"]
[PlyCount "93"]
[EventDate "2013.01.12"]
[EventRounds "5"]
[EventCountry "CAN"]
[SourceDate "2005.09.12"]

1. e4 e6 2. d4 d5 3. Nd2 c5 4. Ngf3 cxd4 5. exd5 Qxd5 6. Bc4 Qd6 7. O-O Nf6 8.
Nb3 Nc6 9. Qe2 Bd7 10. Rd1 Qc7 11. Nbxd4 Nxd4 12. Nxd4 a6 13. Bg5 Be7 14. Bh4
O-O 15. Bg3 Qb6 16. Nf5 Bc5 17. Nxg7 Kxg7 18. Be5 Rfd8 19. Qg4+ Kf8 20. Bxf6
Qc7 21. Qg7+ Ke8 22. Qg8+ Bf8 23. Bxd8 Rxd8 24. Bb3 Qf4 25. Rd3 Qh6 26. Rad1 b5
27. c4 Qg7 28. Rg3 Qxg8 29. Rxg8 Ke7 30. cxb5 axb5 31. Bc2 Ra8 32. a3 h6 33.
Be4 Rb8 34. Bf3 e5 35. Bd5 Rc8 36. Rg3 Bf5 37. Rc3 Rxc3 38. bxc3 Kf6 39. Ra1
Bc2 40. Bc6 Bd3 41. a4 bxa4 42. Rxa4 Kg5 43. h4+ Kf6 44. Bd5 Bc5 45. c4 Bd4 46.
Ra6+ Kg7 47. Rc6 1-0

[Event "CAN-Tch University"]
[Site "Montreal"]
[Date "2013.01.12"]
[Round "2"]
[White "Chung, Kevin"]
[Black "MacDonald, Ryan"]
[Result "1-0"]
[WhiteElo "2286"]
[BlackElo "1564"]
[PlyCount "73"]
[EventDate "2013.01.12"]
[EventRounds "5"]
[EventCountry "CAN"]
[SourceDate "2005.09.12"]

1. e4 e6 2. d4 d5 3. e5 c5 4. Nf3 Nc6 5. Bd3 c4 6. Be2 Nge7 7. b3 b5 8. a4 bxa4
9. bxc4 Ng6 10. c5 Bd7 11. O-O Be7 12. Bb5 O-O 13. Bxa4 f6 14. exf6 Bxf6 15. c3
Qc7 16. Re1 Rab8 17. g3 Qc8 18. Bf4 Rb7 19. Nbd2 Nd8 20. g4 Bxa4 21. Qxa4 Ne7
22. g5 Bxd4 23. Qxd4 Nec6 24. Qe3 Rbf7 25. Bd6 Re8 26. Ra4 Nb7 27. Rh4 g6 28.
Ne5 Nxd6 29. cxd6 Nxe5 30. Qxe5 Rf5 31. Qe3 Qd7 32. Rd4 e5 33. Rxd5 Ref8 34.
Ne4 Rf3 35. Qe2 Qg4+ 36. Kh1 Qd7 37. Nf6+ 1-0

[Event "CAN-Tch University"]
[Site "Montreal"]
[Date "2013.01.12"]
[Round "2"]
[White "Khayutin, Constantine"]
[Black "Prysiazny, Michael"]
[Result "1/2-1/2"]
[WhiteElo "1956"]
[BlackElo "1985"]
[PlyCount "112"]
[EventDate "2013.01.12"]
[EventRounds "5"]
[EventCountry "CAN"]
[SourceDate "2005.09.12"]

1. d4 Nf6 2. Nf3 g6 3. g3 Bg7 4. Bg2 d6 5. O-O c6 6. c4 Be6 7. Qb3 b5 8. Nbd2
Qb6 9. Ng5 Bxc4 10. Nxc4 bxc4 11. Qxc4 d5 12. Qd3 Na6 13. a3 Nc7 14. Bf4 Nd7
15. e4 h6 16. Nh3 dxe4 17. Bxe4 Nd5 18. Be3 N7f6 19. Bg2 g5 20. b4 Ng4 21. b5
O-O 22. Rfc1 Ngxe3 23. Rxc6 Qxd4 24. Qxd4 Bxd4 25. fxe3 Nxe3 26. Rac1 Nxg2+ 27.
Kxg2 Bb2 28. R1c4 Bxa3 29. Rxh6 f6 30. Nf2 Kg7 31. Ng4 f5 32. Ra6 Bd6 33. Ne3
Kf6 34. Nd5+ Ke5 35. Nc7 Rac8 36. Rxa7 e6 37. b6 Rb8 38. Rc6 Bxc7 39. Raxc7 Kd5
40. h4 gxh4 41. gxh4 Rg8+ 42. Kf3 Ra8 43. Rc5+ Kd6 44. R7c6+ Ke7 45. Rc3 Ra4
46. b7 Rb8 47. Rc7+ Kf6 48. h5 Rb4 49. h6 R4xb7 50. h7 Rxc7 51. Rxc7 Rh8 52.
Kf4 e5+ 53. Kf3 Kg5 54. Rg7+ Kh6 55. Rf7 e4+ 56. Kf4 Rxh7 1/2-1/2

[Event "CAN-Tch University"]
[Site "Montreal"]
[Date "2013.01.12"]
[Round "1"]
[White "Kleinman, Michael"]
[Black "Pan, Neal"]
[Result "1-0"]
[WhiteElo "2393"]
[BlackElo "2024"]
[PlyCount "64"]
[EventDate "2013.01.12"]
[EventRounds "5"]
[EventCountry "CAN"]
[SourceDate "2005.09.12"]

1. e4 d6 2. d4 Nf6 3. Nc3 g6 4. Nf3 Bg7 5. h3 O-O 6. Be3 Nfd7 7. Bc4 c6 8. a4
e5 9. O-O Qc7 10. Re1 b6 11. d5 Bb7 12. dxc6 Bxc6 13. Bd5 a6 14. Qd2 Nf6 15.
Bxc6 Nxc6 16. Bg5 Rfe8 17. Bxf6 Bxf6 18. Nd5 Qd8 19. Qe3 Nd4 20. Nxd4 exd4 21.
Qb3 Rb8 22. Qd3 a5 23. Re2 Be5 24. g3 h5 25. Kg2 h4 26. f4 Bg7 27. g4 g5 28.
Rf1 Rc8 29. Qf3 Rf8 30. f5 Bf6 31. Qb3 Rb8 32. Qb5 Re8 1-0

[Event "CAN-Tch University"]
[Site "Montreal"]
[Date "2013.01.12"]
[Round "2"]
[White "Mehta, Arthur"]
[Black "Sundar, Avinaash"]
[Result "0-1"]
[WhiteElo "1566"]
[BlackElo "2203"]
[PlyCount "60"]
[EventDate "2013.01.12"]
[EventRounds "5"]
[EventCountry "CAN"]
[SourceDate "2005.09.12"]

1. e4 c5 2. Nf3 Nc6 3. d4 cxd4 4. Nxd4 Nf6 5. Nxc6 bxc6 6. Nc3 d6 7. e5 Ng4 8.
exd6 exd6 9. Bc4 Be7 10. Qf3 Ne5 11. Bxf7+ Nxf7 12. Qxc6+ Bd7 13. Qf3 O-O 14.
O-O Rc8 15. Be3 Ne5 16. Qd5+ Kh8 17. f4 Bc6 18. Qd4 Ng4 19. h3 Bf6 20. Qd2 Nxe3
21. Qxe3 Qa5 22. Rad1 d5 23. b4 Qxb4 24. Nxd5 Bxd5 25. Rxd5 Rxc2 26. Qxa7 Qe4
27. Rf2 Qxd5 28. Qa3 Qc5 29. Qf3 Rxf2 30. Qxf2 Bd4 0-1

[Event "CAN-Tch University"]
[Site "Montreal"]
[Date "2013.01.13"]
[Round "4"]
[White "Cousin, Emmanuel"]
[Black "Szalay, Karoly"]
[Result "0-1"]
[WhiteElo "1818"]
[BlackElo "2371"]
[PlyCount "52"]
[EventDate "2013.01.12"]
[EventRounds "5"]
[EventCountry "CAN"]
[SourceDate "2005.09.12"]

1. b3 d5 2. Bb2 Nf6 3. e3 e6 4. Nf3 Be7 5. Be2 O-O 6. c4 b6 7. O-O Bb7 8. d4
Ne4 9. Nc3 f5 10. Ne5 Nd7 11. f4 c5 12. Rc1 cxd4 13. exd4 Nxe5 14. fxe5 Bg5 15.
Rc2 Be3+ 16. Kh1 Nf2+ 17. Rxf2 Bxf2 18. cxd5 Qh4 19. Nb5 Bxd5 20. Bf3 Rac8 21.
Rxc8 Rxc8 22. Bxd5 exd5 23. Qf3 Qe4 24. Qd1 Qc2 25. Qa1 Be3 26. Nxa7 Bc1 0-1

[Event "CAN-Tch University"]
[Site "Montreal"]
[Date "2013.01.13"]
[Round "5"]
[White "Palmer, Jordan"]
[Black "Mehta, Arthur"]
[Result "1-0"]
[WhiteElo "1976"]
[BlackElo "1566"]
[PlyCount "43"]
[EventDate "2013.01.12"]
[EventRounds "5"]
[EventCountry "CAN"]
[SourceDate "2005.09.12"]

1. e4 c5 2. Nf3 d6 3. d4 cxd4 4. Nxd4 a6 5. Bd3 e5 6. Nb3 Nf6 7. O-O Be6 8. Nc3
Be7 9. f4 Ng4 10. Qf3 Qb6+ 11. Kh1 Qd8 12. f5 Bxb3 13. Qxg4 Bf6 14. axb3 O-O
15. Nd5 Nd7 16. Bh6 Kh8 17. Be3 b5 18. Rf3 Rc8 19. Rh3 Nc5 20. Qh5 h6 21. Bxh6
Kg8 22. Bxg7 1-0

[Event "CAN-Tch University"]
[Site "Montreal"]
[Date "2013.01.13"]
[Round "4"]
[White "Khayutin, Constantine"]
[Black "Lanceman, Stefan"]
[Result "1/2-1/2"]
[WhiteElo "1956"]
[BlackElo "1830"]
[PlyCount "88"]
[EventDate "2013.01.12"]
[EventRounds "5"]
[EventCountry "CAN"]
[SourceDate "2005.09.12"]

1. Nf3 d5 2. d4 Nf6 3. g3 e6 4. Bg2 Be7 5. c4 O-O 6. Nc3 dxc4 7. Ne5 Nc6 8.
Nxc6 bxc6 9. Bxc6 Rb8 10. Bg2 Bb7 11. e4 c5 12. d5 exd5 13. exd5 Qd7 14. Bf4
Rbd8 15. Qd2 Nxd5 16. O-O-O Nf6 17. Qxd7 Rxd7 18. Rxd7 Bxg2 19. Rxe7 Bxh1 20.
Rxa7 Ng4 21. Be3 Nxh2 22. Rc7 Ng4 23. Rxc5 Nxe3 24. fxe3 Re8 25. Rxc4 g6 26.
Kd2 Rd8+ 27. Rd4 Rxd4+ 28. exd4 Bb7 29. b4 f5 30. Ke3 g5 31. a4 Kf7 32. d5 Ke7
33. a5 Kd6 34. Kd4 h5 35. Nb5+ Kd7 36. Ke5 h4 37. gxh4 gxh4 38. Kf4 Bxd5 39.
Nd4 Kc7 40. Nxf5 h3 41. Kg3 Kb7 42. Nd6+ Kc6 43. Ne8 Kb5 44. a6 Kxb4 1/2-1/2

[Event "CAN-Tch University"]
[Site "Montreal"]
[Date "2013.01.13"]
[Round "4"]
[White "Gonsalves, Ryan"]
[Black "Mehta, Arthur"]
[Result "1-0"]
[WhiteElo "1667"]
[BlackElo "1566"]
[PlyCount "63"]
[EventDate "2013.01.12"]
[EventRounds "5"]
[EventCountry "CAN"]
[SourceDate "2005.09.12"]

1. d4 d5 2. c4 c6 3. Nf3 Bf5 4. Nc3 a6 5. cxd5 cxd5 6. Qb3 b5 7. Nxd5 Be6 8. e4
Nf6 9. Nxf6+ exf6 10. d5 Bd7 11. Bd3 Bd6 12. O-O O-O 13. Bd2 Bg4 14. Nd4 Qc7
15. h3 Bh5 16. Rac1 Bh2+ 17. Kh1 Qe5 18. Bc3 Qf4 19. Rc2 Nd7 20. Bd2 Qd6 21.
Bb4 Qe5 22. Nc6 Qf4 23. Bxf8 Rxf8 24. Qc3 Kh8 25. Be2 Bxe2 26. Rxe2 Rc8 27. g3
Bxg3 28. Qxg3 Qh6 29. Kh2 Ne5 30. Nxe5 fxe5 31. Qxe5 f6 32. Rc2 1-0

[Event "CAN-Tch University"]
[Site "Montreal"]
[Date "2013.01.13"]
[Round "5"]
[White "Pan, Neal"]
[Black "Cousin, Emmanuel"]
[Result "0-1"]
[WhiteElo "2024"]
[BlackElo "1818"]
[PlyCount "42"]
[EventDate "2013.01.12"]
[EventRounds "5"]
[EventCountry "CAN"]
[SourceDate "2005.09.12"]

1. e4 Nf6 2. e5 Nd5 3. Nf3 d6 4. c4 Nb6 5. exd6 exd6 6. Nc3 Bg4 7. Be2 Be7 8.
O-O O-O 9. b3 Bf6 10. Bb2 Re8 11. h3 Bh5 12. Re1 Nc6 13. Nh2 Bxe2 14. Rxe2 g6
15. Ng4 Bg7 16. Ne4 Rxe4 17. Bxg7 Rxe2 18. Bf6 Re7 19. d4 Qf8 20. Qf3 h5 21.
Qg3 Nd7 0-1

[Event "CAN-Tch University"]
[Site "Montreal"]
[Date "2013.01.13"]
[Round "5"]
[White "Derraugh, Geordie"]
[Black "Xiong, Jerry"]
[Result "1-0"]
[WhiteElo "2242"]
[BlackElo "2291"]
[PlyCount "89"]
[EventDate "2013.01.12"]
[EventRounds "5"]
[EventCountry "CAN"]
[SourceDate "2005.09.12"]

1. e4 c5 2. Nf3 d6 3. d4 cxd4 4. Nxd4 Nf6 5. Nc3 g6 6. Be2 Bg7 7. O-O O-O 8.
Be3 Nc6 9. Nb3 a6 10. f4 b5 11. Bf3 Bb7 12. e5 Ne8 13. exd6 Nxd6 14. Nc5 Na5
15. Nxb7 Naxb7 16. Bd4 Bxd4+ 17. Qxd4 Rc8 18. Rad1 Qa5 19. Bxb7 Nxb7 20. Nd5
Rfe8 21. Rfe1 Nd6 22. g4 Qd8 23. Qe5 Rxc2 24. Nxe7+ Rxe7 25. Qxe7 Qb6+ 26. Qe3
Qc6 27. Re2 Rc4 28. b3 Rc3 29. Qd4 Qf3 30. Rg2 Rc6 31. Rf1 Qh3 32. Rg3 Qh4 33.
Qd5 Rc2 34. Rg2 Rxg2+ 35. Qxg2 h5 36. Qg3 Qf6 37. gxh5 Nf5 38. Qf3 Nd4 39. Qg2
Qb6 40. Kh1 Nf5 41. hxg6 fxg6 42. Qd5+ Kh7 43. Rf3 Nh6 44. Qd7+ Kg8 45. Rc3 1-0

[Event "CAN-Tch University"]
[Site "Montreal"]
[Date "2013.01.13"]
[Round "5"]
[White "Ferreira, Alex"]
[Black "Sundar, Avinaash"]
[Result "1/2-1/2"]
[WhiteElo "2071"]
[BlackElo "2203"]
[PlyCount "37"]
[EventDate "2013.01.12"]
[EventRounds "5"]
[EventCountry "CAN"]
[SourceDate "2005.09.12"]

1. e4 c5 2. Nf3 Nc6 3. d4 cxd4 4. Nxd4 Nf6 5. Nc3 g6 6. Nxc6 bxc6 7. e5 Nh5 8.
Be2 Ng7 9. O-O Qa5 10. f4 Nf5 11. g4 Qb6+ 12. Rf2 Nd4 13. Bf1 Ne6 14. f5 gxf5
15. gxf5 Rg8+ 16. Bg2 Ng5 17. Bxg5 Rxg5 18. Qf3 Bb7 19. Ne4 1/2-1/2

[Event "CAN-Tch University"]
[Site "Montreal"]
[Date "2013.01.13"]
[Round "5"]
[White "Ding, Jack"]
[Black "Prysiazny, Michael"]
[Result "1-0"]
[WhiteElo "1809"]
[BlackElo "1985"]
[PlyCount "137"]
[EventDate "2013.01.12"]
[EventRounds "5"]
[EventCountry "CAN"]
[SourceDate "2005.09.12"]

1. d4 Nf6 2. c4 g6 3. Nc3 Bg7 4. e4 d6 5. Nf3 O-O 6. Be2 Nbd7 7. O-O e5 8. d5
Nc5 9. Qc2 a5 10. Be3 Na6 11. h3 Nd7 12. Qd2 f5 13. Bh6 f4 14. Bxg7 Kxg7 15.
Kh2 g5 16. Rh1 h5 17. Kg1 g4 18. hxg4 hxg4 19. Nh4 Nf6 20. g3 Nc5 21. gxf4
Nfxe4 22. Nxe4 Nxe4 23. Qd3 Rxf4 24. Ng2 Rf8 25. Qxe4 Bf5 26. Qe3 Qf6 27. Qg3
Rh8 28. Nh4 Rag8 29. Nxf5+ Qxf5 30. Rxh8 Kxh8 31. Bf1 Rg5 32. Bg2 Rh5 33. Re1
Qg5 34. Rf1 e4 35. Re1 Qd2 36. Qe3 Qxb2 37. Qxe4 Re5 38. Qb1 Qxb1 39. Rxb1 b6
40. Kf1 Kg7 41. Re1 Kf6 42. Re3 Rf5 43. Ke2 Rf4 44. Re4 Kf5 45. Rxf4+ Kxf4 46.
Kd3 g3 47. fxg3+ Kxg3 48. Be4 Kf2 49. Kc3 Ke2 50. a4 Ke3 51. Bd3 Kf4 52. Kd4
Kf3 53. Bg6 Kf4 54. Be4 Kg5 55. Ke3 Kg4 56. Bh7 Kg5 57. Ke4 Kg4 58. Bf5+ Kg5
59. Bc8 Kf6 60. Kf4 Ke7 61. Kf5 Kd8 62. Ba6 Kd7 63. Bb5+ Kc8 64. Ke6 Kd8 65.
Bd7 c6 66. dxc6 Kc7 67. Kd5 b5 68. cxb5 Kd8 69. b6 1-0

[Event "CAN-Tch University"]
[Site "Montreal"]
[Date "2013.01.12"]
[Round "1"]
[White "Ding, Jack"]
[Black "Lanceman, Stefan"]
[Result "1/2-1/2"]
[WhiteElo "1809"]
[BlackElo "1830"]
[PlyCount "61"]
[EventDate "2013.01.12"]
[EventRounds "5"]
[EventCountry "CAN"]
[SourceDate "2005.09.12"]

1. d4 Nf6 2. c4 e6 3. Nc3 Bb4 4. e3 c5 5. Bd3 cxd4 6. exd4 d5 7. Nf3 dxc4 8.
Bxc4 a6 9. Qa4+ Nc6 10. Ne5 Bd7 11. Nxc6 Bxc3+ 12. bxc3 Bxc6 13. Qb3 b5 14. Bd3
O-O 15. O-O Bd5 16. Qc2 h6 17. Qe2 Qc7 18. Bd2 Rac8 19. a4 Bc4 20. axb5 axb5
21. Bxc4 Qxc4 22. Qf3 Nd5 23. Qg3 Kh7 24. Rac1 Qb3 25. Qd3+ Kg8 26. Rb1 Qc4 27.
Qxc4 Rxc4 28. Rxb5 Nxc3 29. Bxc3 Rxc3 30. d5 exd5 31. Rxd5 1/2-1/2

[Event "CAN-Tch University"]
[Site "Montreal"]
[Date "2013.01.13"]
[Round "4"]
[White "Xiong, Jerry"]
[Black "Ding, Jack"]
[Result "1-0"]
[WhiteElo "2291"]
[BlackElo "1809"]
[PlyCount "33"]
[EventDate "2013.01.12"]
[EventRounds "5"]
[EventCountry "CAN"]
[SourceDate "2005.09.12"]

1. e4 e5 2. Bc4 Nf6 3. d3 Bc5 4. Nc3 h6 5. Be3 d6 6. Nf3 Bg4 7. Bxc5 dxc5 8.
Bxf7+ Ke7 9. Bb3 Nc6 10. h3 Bxf3 11. Qxf3 Qd7 12. Qe3 Nd4 13. Qg3 Kd8 14. Qxe5
Re8 15. Qxc5 b6 16. Qc4 Nxb3 17. axb3 1-0

[Event "CAN-Tch University"]
[Site "Montreal"]
[Date "2013.01.13"]
[Round "4"]
[White "Xu, Haizhou"]
[Black "Pan, Neal"]
[Result "1-0"]
[WhiteElo "2320"]
[BlackElo "2024"]
[PlyCount "69"]
[EventDate "2013.01.12"]
[EventRounds "5"]
[EventCountry "CAN"]
[SourceDate "2005.09.12"]

1. e4 d6 2. d4 Nf6 3. Nc3 g6 4. f4 Bg7 5. Nf3 O-O 6. Bd3 a6 7. a4 Nc6 8. e5
dxe5 9. fxe5 Nd5 10. Nxd5 Qxd5 11. c4 Qa5+ 12. Bd2 Qb6 13. a5 Qxb2 14. Rb1 Qa3
15. Qc2 Bg4 16. Bc3 Bxf3 17. gxf3 Nxd4 18. Bxd4 Rad8 19. Ra1 Qb4+ 20. Bc3 Qc5
21. Qe2 Rd6 22. f4 Rfd8 23. Rd1 b5 24. exd6 Bxc3+ 25. Kf1 Rxd6 26. f5 Rf6 27.
cxb5 axb5 28. Rc1 b4 29. a6 Qd4 30. Rg1 Bd2 31. Rg4 Qd5 32. Rxc7 b3 33. Rb7 Rd6
34. Rb8+ Kg7 35. a7 1-0

[Event "CAN-Tch University"]
[Site "Montreal"]
[Date "2013.01.13"]
[Round "4"]
[White "Todd, Adie"]
[Black "Chung, Kevin"]
[Result "0-1"]
[WhiteElo "1723"]
[BlackElo "2286"]
[PlyCount "94"]
[EventDate "2013.01.12"]
[EventRounds "5"]
[EventCountry "CAN"]
[SourceDate "2005.09.12"]

1. d4 e6 2. c4 d5 3. Nc3 Nf6 4. Nf3 Be7 5. e3 O-O 6. Bd3 b6 7. O-O c5 8. dxc5
bxc5 9. cxd5 exd5 10. b3 Nc6 11. Bb2 Be6 12. Rc1 Qa5 13. Na4 Nd7 14. Qc2 Nb4
15. Bc3 Nxc2 16. Bxa5 Na3 17. Bc3 Rab8 18. Ne5 Bd6 19. Nc6 Rb7 20. Na5 Rc7 21.
Bb2 c4 22. bxc4 dxc4 23. Be4 f5 24. Bf3 Ne5 25. Bxe5 Bxe5 26. Nc6 Bf6 27. Nd4
Bf7 28. Nxf5 c3 29. Nd4 c2 30. Nb2 Bxa2 31. Nd3 Bxd4 32. exd4 Bc4 33. Be4 Re8
34. f3 Rxe4 35. fxe4 Bxd3 36. Rfe1 Kf7 37. Re3 Rb7 38. Ree1 Nc4 39. Kf2 Ke6 40.
h3 a5 41. Kf3 Rb1 42. Kf4 a4 43. d5+ Ke7 44. e5 a3 45. d6+ Ke6 46. d7 Kxd7 47.
e6+ Ke7 0-1

[Event "CAN-Tch University"]
[Site "Montreal"]
[Date "2013.01.13"]
[Round "5"]
[White "MacDonald, Ryan"]
[Black "Riordon, Jason"]
[Result "0-1"]
[WhiteElo "1564"]
[BlackElo "2035"]
[PlyCount "50"]
[EventDate "2013.01.12"]
[EventRounds "5"]
[EventCountry "CAN"]
[SourceDate "2005.09.12"]

1. d4 d5 2. c4 c6 3. Nc3 Nf6 4. Bg5 e6 5. Nf3 Be7 6. e3 Nbd7 7. c5 b6 8. b4
bxc5 9. bxc5 Qa5 10. Rc1 Ba6 11. Bd3 Ne4 12. Bxe4 dxe4 13. Bxe7 Kxe7 14. Nd2 f5
15. Nb3 Qb4 16. Qd2 Rab8 17. Rb1 Bd3 18. Rb2 Nf6 19. f3 a5 20. Nxa5 Qxb2 21.
Qxb2 Rxb2 22. Nxc6+ Kd7 23. Ne5+ Kc7 24. Nxd3 exd3 25. Rf1 Nd5 0-1

[Event "CAN-Tch University U1800"]
[Site "Montreal"]
[Date "2013.01.12"]
[Round "1"]
[White "Sprumont, Oscar"]
[Black "Ghandhari, Ehsan"]
[Result "1-0"]
[WhiteElo "1862"]
[BlackElo "1196"]
[PlyCount "37"]
[EventDate "2013.01.12"]
[EventRounds "5"]
[EventCountry "CAN"]
[SourceDate "2005.09.12"]

1. e4 c5 2. Nc3 Nc6 3. g3 e6 4. Bg2 g6 5. d3 Bg7 6. f4 Nge7 7. Nf3 a6 8. Be3 b6
9. e5 Nf5 10. Bd2 d6 11. exd6 Qxd6 12. Ne4 Qe7 13. Rb1 O-O 14. O-O Bb7 15. Re1
Nd6 16. Bc3 f5 17. Bxg7 Qxg7 18. Nxd6 Nd4 19. Nxb7 1-0